000 00346nam a2200133Ia 4500
008 100328s9999 xx 000 0 und d
082 _b55888
100 _aपठाण यू.म.
245 _aरेशीमबंा
260 _bशब्द
630 _aरेशीमबंा
730 _aरेशीमबंा
942 _cBOOK
999 _c542498
_d542495